000
00223nam a22000857a 4500
008
160912b xxu||||| |||| 00| 0 eng d
100
_9
366
_a
NCERT
245
_a
Curriculum Syllabus and Text Books
260
_a
New Delhi
_b
NCERT
_c
2006
999
_c
3025
_d
3025